[Event "Druga liga Centralne Srbije 2010-istok"]
[Site "Pozarevac"]
[Date "2009.09.26"]
[Round "3.62"]
[White "Nesic, Nebojsa"]
[Black "Tosic, Nebojsa"]
[Result "1-0"]
[WhiteElo "2138"]
[BlackElo "2208"]
[PlyCount "0"]
[EventDate "2009.09.26"]

1.d4 Nf6 2.c4 c5 3.d5 e6 4.Nc3 exd5 5.cxd5 d6 6.Nf3 g6 7.Nd2
Nbd7 8.e4 Bg7 9.Be2 O-O 10.O-O a6 11.a4 Qc7 12.f4 Rb8 13.Kh1
Re8 14.Qc2 Nf8 15.a5 Bg4 16.Bd3 Nh5 17.Nc4 Qe7 18.Qf2 Bd7 19.e5
dxe5 20.fxe5 f5 21.Be3 Bxe5 22.Bxc5 Qf6 23.Nxe5 Qxe5 24.Bd4 Qe7
25.Bc4 Qg5 26.d6+ Be6 27.Nd5 f4 28.Ne7+ Kf7 29.Qe2 Rbd8 30.Be5
Rd7 31.Rae1 Rdxe7 32.dxe7 Qxe7 33.Bxf4 Nxf4 34.Rxf4+ Kg7 35.Qe5+
Kh6 36.Rf6 Qb4 37.Bxe6 Nd7 38.Qf4+ Qxf4 39.Rxf4 Nc5 1-0

[Event "Druga liga Centralne Srbije 2010-istok"]
[Site "Pozarevac"]
[Date "2009.09.26"]
[Round "3.63"]
[White "Bura, Goran"]
[Black "Popovic, Djordje D"]
[Result "1-0"]
[WhiteElo "2179"]
[BlackElo "2283"]
[PlyCount "0"]
[EventDate "2009.09.26"]

1.c4 Nf6 2.g3 c5 3.Bg2 e6 4.Nf3 Qc7 5.Nc3 a6 6.O-O b6 7.e4 d6
8.Re1 Nbd7 9.b3 Bb7 10.Bb2 Be7 11.d4 cxd4 12.Nxd4 O-O 13.Rc1
Rac8 14.Qe2 Rfe8 15.f4 e5 16.Nd5 Nxd5 17.cxd5 Qb8 18.Nc6 Bxc6
19.dxc6 Nc5 20.Bh3 exf4 21.Bxc8 Qxc8 22.gxf4 Bh4 23.Qg2 g6 24.Re3
a5 25.a3 Bd8 26.b4 axb4 27.axb4 Na6 28.f5 Be7 29.Rg3 Bf8 30.fxg6
Re5 31.gxh7+ Kxh7 32.Bxe5 dxe5 33.Qh3+ Qxh3 34.Rxh3+ 1-0

[Event "Druga liga Centralne Srbije 2010-istok"]
[Site "Pozarevac"]
[Date "2009.09.26"]
[Round "3.64"]
[White "Komnenic, Branko"]
[Black "Rajkovic, Aleksandar"]
[Result "1-0"]
[WhiteElo "2319"]
[BlackElo "2151"]
[PlyCount "0"]
[EventDate "2009.09.26"]

1.d4 d5 2.Nf3 Nf6 3.e3 Nbd7 4.Bd3 e6 5.b3 Bd6 6.Bb2 Qe7 7.Ne5
Bb4+ 8.c3 Ba5 9.f4 Nxe5 10.fxe5 Ne4 11.O-O f5 12.exf6 Nxf6 13.Ba3
Qf7 14.e4 dxe4 15.Bxe4 c6 16.Nd2 Bxc3 17.Nc4 Qh5 18.Nd6+ Kd7
19.Bf3 Qh4 20.Rc1 Ba5 21.Nf7 Re8 22.Ne5+ Kc7 23.Nxc6 bxc6 24.Bxc6
Bb7 25.Bf3+ Kd8 26.Bxb7 Bc7 27.g3 Bxg3 28.hxg3 Qxg3+ 29.Bg2 Ng4
30.Rf3 Qh2+ 31.Kf1 Qh4 32.Qc2 1-0

[Event "Druga liga Centralne Srbije 2010-istok"]
[Site "Pozarevac"]
[Date "2009.09.26"]
[Round "3.65"]
[White "Njegic, Vladimir"]
[Black "Stefanovic, Vladimir"]
[Result "1-0"]
[WhiteElo "2131"]
[BlackElo "2156"]
[PlyCount "0"]
[EventDate "2009.09.26"]

1.c4 Nf6 2.Nc3 c5 3.Nf3 g6 4.g3 Bg7 5.Bg2 O-O 6.O-O Nc6 7.d4
cxd4 8.Nxd4 Nxd4 9.Qxd4 d6 10.Qh4 Be6 11.Bxb7 Rb8 12.Bf3 Qa5
13.Nb5 Rfc8 14.b3 Bd7 15.Rd1 Bxb5 16.Bd2 Qa3 17.cxb5 Rxb5 18.Rac1
Rbb8 19.Qa4 Qxa4 20.bxa4 Nd7 21.Rxc8+ Rxc8 22.Rb1 Nc5 23.a5 h5
24.Be3 Bc3 25.a6 Be5 26.Rb5 Bc3 27.Rb7 Nxa6 28.Rxe7 Nc7 29.Bb7
Kf8 1-0

[Event "Druga liga Centralne Srbije 2010-istok"]
[Site "Pozarevac"]
[Date "2009.09.26"]
[Round "3.66"]
[White "Petrovic, Dragoslav"]
[Black "Arsenijevic, Ivan"]
[Result "0-1"]
[WhiteElo "2031"]
[BlackElo "2127"]
[PlyCount "0"]
[EventDate "2009.09.26"]

1.d4 d5 2.c4 c6 3.cxd5 cxd5 4.Nf3 Nc6 5.Nc3 Nf6 6.Bf4 e6 7.e3
Bd6 8.Bg3 O-O 9.Bd3 Re8 10.Bh4 Nb4 11.Bb5 Bd7 12.a3 Bxb5 13.Nxb5
Nc6 14.Nxd6 Qxd6 15.Bxf6 gxf6 16.Rc1 Rac8 17.O-O Rc7 18.b4 Rec8
19.Qd2 Ne7 20.h3 b6 21.Nh2 Kg7 22.Rxc7 Qxc7 23.Qe2 Qc2 24.Qg4+
Qg6 25.Qf4 Rc2 26.Ra1 Qg5 27.Qb8 Nc8 28.Nf3 Qf5 29.a4 Rc4 30.a5
Qc2 31.axb6 axb6 32.b5 Rc7 33.Nh2 Qc3 34.Rb1 Qc2 35.Ra1 Qc3 36.Rb1
Kf8 37.Ng4 Ke7 38.Nh2 Kd7 39.Ng4 Ke7 0-1

[Event "Druga Liga CS - Istok"]
[Site "?"]
[Date "2010.09.26"]
[Round "3"]
[White "Milovanovic, Srboljub"]
[Black "Markovic, Marko"]
[Result "1-0"]
[WhiteElo "2162"]
[BlackElo "2326"]
[PlyCount "79"]
[EventDate "2010.10.06"]
[SourceDate "2010.10.06"]

1. d4 Nf6 2. c4 g6 3. Nc3 Bg7 4. e4 d6 5. f3 O-O 6. Be3 e5 7. d5 c5 8. Qd2 Ne8
9. Bg5 f6 10. Bh4 Qa5 11. Bd3 Na6 12. Nge2 Bd7 13. O-O Nb4 14. a3 Nxd3 15. Qxd3
f5 16. Bf2 Qd8 17. b4 b6 18. Rab1 Bh6 19. bxc5 bxc5 20. Rb2 Nf6 21. Rfb1 fxe4
22. Nxe4 Nxe4 23. fxe4 Qg5 24. Rb7 Bc8 25. R7b3 Ba6 26. R3b2 Rf7 27. Nc3 Raf8
28. Nb5 Bxb5 29. cxb5 Rf3 30. h4 Qg4 31. Qe2 R8f4 32. Ra2 Rc3 33. Qxg4 Rxg4 34.
a4 Rf4 35. a5 Rf8 36. b6 a6 37. b7 Rb8 38. Rab2 Ra3 39. Rb6 Rxa5 40. Rc6 1-0

[Event "Druga Liga CS - Istok"]
[Site "?"]
[Date "2010.09.26"]
[Round "3"]
[White "Petkovic, Dragoslav"]
[Black "Petrovic, Dragan R"]
[Result "1/2-1/2"]
[WhiteElo "2195"]
[BlackElo "2184"]
[PlyCount "96"]
[EventDate "2010.10.06"]
[SourceDate "2010.10.06"]

1. e4 c5 2. Nf3 d6 3. g3 Nc6 4. Bg2 g6 5. O-O Bg7 6. c3 e5 7. Re1 Nge7 8. a3 a5
9. a4 O-O 10. Na3 h6 11. Nb5 f5 12. d3 Be6 13. exf5 gxf5 14. d4 e4 15. dxc5
dxc5 16. Qe2 Bd5 17. Nh4 Ne5 18. Bf4 Bc4 19. Qc2 Nd3 20. Red1 Qb6 21. Bf1 Kh7
22. Bxd3 Bxd3 23. Rxd3 exd3 24. Qxd3 Rad8 25. Qc4 Nd5 26. Re1 Qc6 27. Bc1 Rde8
28. Rd1 Re4 29. Qd3 c4 30. Qf3 Qe6 31. Kg2 Be5 32. Nxf5 Qxf5 33. Qxf5+ Rxf5 34.
Rxd5 Rf7 35. Be3 Bc7 36. Nxc7 Rxc7 37. Rxa5 Re6 38. Rb5 Kg6 39. h4 Rec6 40. Bd4
Re7 41. Be3 Rd7 42. Kf3 Ra6 43. a5 Rad6 44. Bd4 Rd5 45. Rb6+ R5d6 46. Rb4 Rd5
47. Bb6 Rd2 48. Bd4 Re7 1/2-1/2

[Event "Druga Liga CS - Istok"]
[Site "?"]
[Date "2010.09.26"]
[Round "3"]
[White "Arandjelovic, Aleksandar Z"]
[Black "Krstic, Ranko"]
[Result "0-1"]
[WhiteElo "2100"]
[BlackElo "2190"]
[PlyCount "98"]
[EventDate "2010.10.06"]
[SourceDate "2010.10.06"]

1. d4 Nf6 2. c4 c5 3. d5 e5 4. Nc3 Bd6 5. e4 Bc7 6. g3 d6 7. Bg2 Ba5 8. Nge2
Bxc3+ 9. Nxc3 O-O 10. h3 a6 11. O-O b5 12. f4 b4 13. fxe5 dxe5 14. Na4 Qd6 15.
Be3 Nbd7 16. Qe2 Bb7 17. b3 Rac8 18. Nb2 Ne8 19. g4 Rc7 20. Nd3 Qg6 21. Rf5 Nd6
22. Rg5 Qf6 23. Rf1 Qe7 24. Qf2 Rfc8 25. Qg3 f6 26. Rh5 Rf8 27. Bf3 a5 28. Kh2
g6 29. Rh4 a4 30. Qf2 Nf7 31. Rd1 axb3 32. axb3 Ra8 33. d6 Nxd6 34. Nxc5 Nxc4
35. Rxd7 Rxd7 36. bxc4 Rc7 37. Bd1 Ra3 38. Bb3 Bc8 39. Rh6 Qf8 40. Rh4 Qd8 41.
Bc1 Ra1 42. Bb2 Rb1 43. Na4 Rd7 44. c5+ Kg7 45. Bd5 Rxd5 46. exd5 Qxd5 47.
Rxh7+ Kxh7 48. Qxf6 Rh1+ 49. Kg3 Qd3+ 0-1

[Event "Druga Liga CS - Istok"]
[Site "?"]
[Date "2010.09.26"]
[Round "3"]
[White "Nesic, Nedeljko"]
[Black "Zivkovic, Marko"]
[Result "0-1"]
[WhiteElo "2065"]
[BlackElo "2103"]
[PlyCount "80"]
[EventDate "2010.10.06"]
[SourceDate "2010.10.06"]

1. e4 c6 2. d3 d5 3. Nd2 e5 4. Ngf3 Bd6 5. g3 Be6 6. Bg2 f6 7. O-O Ne7 8. Qe2
O-O 9. d4 Ng6 10. Rd1 Re8 11. c4 Bg4 12. cxd5 cxd5 13. Qb5 Qd7 14. Qb3 Nc6 15.
dxe5 fxe5 16. Qxd5+ Be6 17. Qb5 a6 18. Qe2 b5 19. Nf1 h6 20. Be3 Qe7 21. Rac1
Rac8 22. a4 Bb3 23. Re1 bxa4 24. Bh3 Qb7 25. Bxc8 Rxc8 26. Bc5 Bc7 27. Ne3 Ba5
28. Rf1 Rd8 29. Nd5 Qf7 30. Ne3 Nb4 31. Bxb4 Bxb4 32. Nf5 Qb7 33. h4 Ne7 34.
Nxe7+ Qxe7 35. Qxa6 Kh7 36. Rc8 Rxc8 37. Qxc8 Be6 38. Qa6 Bg4 39. Kg2 Qc7 40.
Qxa4 Qc4 {nema vise poteza} 0-1

[Event "Druga Liga CS - Istok"]
[Site "?"]
[Date "2010.09.26"]
[Round "3"]
[White "Stojkovic, Zoran"]
[Black "Puzic, Slobodan"]
[Result "0-1"]
[WhiteElo "2079"]
[BlackElo "2151"]
[PlyCount "94"]
[EventDate "2010.10.06"]
[SourceDate "2010.10.06"]

1. e4 c5 2. Nf3 Nc6 3. d4 cxd4 4. Nxd4 e5 5. Nf3 Nf6 6. Bc4 Bb4+ 7. c3 Be7 8.
O-O O-O 9. Re1 d6 10. h3 h6 11. Nbd2 Na5 12. Bd3 Be6 13. Nf1 Re8 14. Ng3 Rc8
15. b3 Rxc3 16. b4 Nc6 17. Bb2 Rxd3 18. Qxd3 Nxb4 19. Qd2 Na6 20. a3 Nc5 21.
Rad1 Qc7 22. Rc1 Qb6 23. Qe2 a6 24. Bc3 Rc8 25. Qe3 a5 26. Rb1 Qa6 27. Nd2 b5
28. f4 exf4 29. Qf3 fxg3 30. Qxg3 Ncd7 31. Rbc1 Ne5 32. Nf1 Qb6+ 33. Kh1 Rc4
34. Nd2 Rc6 35. Rf1 b4 36. axb4 axb4 37. Bb2 Rxc1 38. Rxc1 Qb5 39. Rc7 Bd8 40.
Ra7 Qb8 41. Ra6 Bb6 42. Nf3 Nxe4 43. Qf4 Nf2+ 44. Kh2 Nfd3 45. Qe4 d5 46. Bxe5
Nxe5 47. Rxb6 Nxf3+ 0-1

[Event "Druga Liga CS - Istok"]
[Site "?"]
[Date "2010.09.26"]
[Round "3"]
[White "Devetak, Dusan"]
[Black "Panic, Milan"]
[Result "0-1"]
[WhiteElo "2230"]
[BlackElo "2249"]
[PlyCount "98"]
[EventDate "2010.10.06"]
[SourceDate "2010.10.06"]

1. Nf3 c5 2. c4 Nf6 3. g3 b6 4. Bg2 Bb7 5. O-O g6 6. Nc3 Bg7 7. d3 O-O 8. Rb1
Nc6 9. b3 d5 10. cxd5 Nxd5 11. Nxd5 Qxd5 12. Be3 Qd7 13. Qd2 Nd4 14. Bxd4 cxd4
15. Rfc1 Rac8 16. Rxc8 Rxc8 17. Rc1 Rc3 18. Rf1 Qc7 19. Ne1 Bxg2 20. Kxg2 Rc1
21. e3 Qc6+ 22. Kg1 h5 23. exd4 Bxd4 24. Qe2 Bf6 25. d4 h4 26. gxh4 Bxh4 27.
Nd3 Rxf1+ 28. Qxf1 Qe4 29. Ne1 Bf6 30. Ng2 Bxd4 31. Qe1 Qf3 32. Qd2 Be5 33. Ne3
Bd6 34. Qc2 Bc5 35. Nf1 a5 36. Ng3 Bd4 37. Nf1 Kg7 38. Ng3 e5 39. Kf1 f6 40.
Qc7+ Kh6 41. Qc2 e4 42. Qd2+ e3 43. Qe2 Qxf2+ 44. Qxf2 exf2 45. Ne2 Bc5 46. Nc3
Kg5 47. Nd5 Kh4 48. Kg2 Kg4 49. a4 Kg5 {necitko} 0-1

[Event "Druga Liga CS - Istok"]
[Site "?"]
[Date "2010.09.26"]
[Round "3"]
[White "Kalcic, Krsta"]
[Black "Trailovic, Mile"]
[Result "1-0"]
[WhiteElo "2215"]
[BlackElo "2153"]
[PlyCount "65"]
[EventDate "2010.10.06"]
[SourceDate "2010.10.06"]

1. e4 c5 2. Nf3 e6 3. d4 cxd4 4. Nxd4 a6 5. Bd3 Qc7 6. O-O Nf6 7. Qe2 h5 8. Kh1
Bc5 9. Nb3 Ba7 10. c4 Nc6 11. Nc3 Ng4 12. f4 d6 13. Nd1 Bd7 14. Ne3 Nb4 15.
Nxg4 Nxd3 16. Ne3 Nxc1 17. Raxc1 Bc6 18. Nd5 Qd8 19. f5 exd5 20. exd5+ Kf8 21.
dxc6 bxc6 22. Rcd1 Qf6 23. Na5 h4 24. Nxc6 Bb6 25. Nb4 Re8 26. Qd3 h3 27. gxh3
Bc5 28. Nxa6 Qxb2 29. Nxc5 dxc5 30. f6 Rh5 31. fxg7+ Kxg7 32. Qf3 Kh6 33. Qxf7
1-0

[Event "Druga Liga CS - Istok"]
[Site "?"]
[Date "2010.09.26"]
[Round "3"]
[White "Dodic, Dragan"]
[Black "Kolbert, Engelbert"]
[Result "1-0"]
[WhiteElo "2147"]
[BlackElo "2130"]
[PlyCount "64"]
[EventDate "2010.10.06"]
[SourceDate "2010.10.06"]

1. d4 Nf6 2. c4 c5 3. d5 e6 4. Nc3 exd5 5. cxd5 g6 6. e4 d6 7. h3 Bg7 8. Nf3
O-O 9. Bd3 a6 10. a4 Nbd7 11. O-O Re8 12. Re1 Nh5 13. Bg5 Bf6 14. Be3 Ne5 15.
Be2 Bg7 16. Nd2 Qh4 17. Bxh5 Qxh5 18. Qxh5 gxh5 19. Reb1 Bd7 20. a5 Bb5 21. Ra3
Nc4 22. Nxc4 Bxc4 23. Bf4 Rad8 24. f3 Bd3 25. Rd1 c4 26. g4 hxg4 27. hxg4 Bd4+
28. Kg2 Bc5 29. Raa1 Bd4 30. Rh1 Bg7 31. Rh5 Re7 32. Rah1 Rc7 1-0

[Event "Druga Liga CS - Istok"]
[Site "?"]
[Date "2010.09.26"]
[Round "3"]
[White "Rajkovic, Branislav"]
[Black "Vlajic, Sasa"]
[Result "1-0"]
[WhiteElo "2175"]
[BlackElo "2196"]
[PlyCount "79"]
[EventDate "2010.10.06"]
[SourceDate "2010.10.06"]

1. e4 d5 2. exd5 Nf6 3. d4 Nxd5 4. c4 Nb6 5. Nc3 g6 6. Be3 Bg7 7. Nf3 O-O 8.
Be2 Bg4 9. Qb3 Bxf3 10. Bxf3 Nc6 11. c5 Na5 12. Qb4 Nbc4 13. b3 Nxe3 14. fxe3
Nc6 15. Qxb7 Nxd4 16. O-O-O Rb8 17. Qe4 e5 18. exd4 exd4 19. Na4 Qg5+ 20. Kc2
Rfe8 21. Qd5 Re5 22. Qc4 a5 23. Rhe1 Rxe1 24. Rxe1 d3+ 25. Qxd3 Rd8 26. Qe3 Qh4
27. Rd1 Rxd1 28. Qe8+ Bf8 29. Bxd1 Qf2+ 30. Qe2 Qg1 31. h3 Bh6 32. Kd3 Bg7 33.
Qe8+ Bf8 34. Bf3 Qb1+ 35. Kc4 Qf1+ 36. Qe2 Qc1+ 37. Kb5 Qf4 38. Qc4 Qd2 39. Bd5
Kg7 40. Qc3+ 1-0

[Event "Druga Liga CS - Istok"]
[Site "?"]
[Date "2010.09.26"]
[Round "3"]
[White "Tosic, Branislav"]
[Black "Stojanovic, Dusan"]
[Result "1-0"]
[WhiteElo "2218"]
[BlackElo "2176"]
[PlyCount "84"]
[EventDate "2010.10.06"]
[SourceDate "2010.10.06"]

1. d4 f5 2. Nc3 Nf6 3. Bg5 e6 4. e4 fxe4 5. Nxe4 Be7 6. Bxf6 Bxf6 7. Nf3 Nc6 8.
c3 b6 9. Bd3 Bb7 10. Qe2 Qe7 11. O-O O-O 12. Rae1 Rae8 13. Nfd2 g6 14. f4 Qf7
15. Nxf6+ Qxf6 16. Ne4 Qg7 17. Ng5 Ne7 18. g3 Nf5 19. Qe5 Qxe5 20. fxe5 h6 21.
Ne4 Bxe4 22. Rxe4 Ne7 23. Ref4 Rxf4 24. Rxf4 Rf8 25. Rxf8+ Kxf8 26. Kf2 Kf7 27.
Kf3 Kg7 28. Bb5 c6 29. Bd3 Kf7 30. Be4 Ke8 31. Ke3 Kf7 32. Kd3 Ke8 33. c4 Kd8
34. a3 Kc7 35. Kc3 d6 36. exd6+ Kxd6 37. Kd3 c5 38. b4 cxd4 39. Kxd4 e5+ 40.
Ke3 a5 41. c5+ bxc5 42. bxa5 g5 1-0

[Event "Druga Liga CS - Istok"]
[Site "?"]
[Date "2010.09.26"]
[Round "3"]
[White "Paunovic, Tomislav"]
[Black "Livaja, Mario"]
[Result "1-0"]
[WhiteElo "2350"]
[BlackElo "2221"]
[PlyCount "75"]
[EventDate "2010.10.06"]
[SourceDate "2010.10.09"]

1. d4 Nf6 2. c4 c5 3. Nf3 g6 4. Nc3 Bg7 5. e4 O-O 6. Be2 d6 7. O-O Nc6 8. d5
Na5 9. Bf4 Nh5 10. Bg5 h6 11. Be3 Bg4 12. Nd2 Bxe2 13. Qxe2 a6 14. f4 b5 15. e5
dxe5 16. fxe5 Bxe5 17. Bxh6 Qc7 18. g4 Ng7 19. cxb5 axb5 20. Nxb5 Qb8 21. Nf3
Bf4 22. Bxf4 Qxf4 23. Ne5 Qg5 24. Kh1 f6 25. Nf3 Qxg4 26. Nc7 Rac8 27. Rg1 Qh5
28. Ne6 Rf7 29. Nf4 Qf5 30. Nxg6 Qxd5 31. Nxe7+ Rxe7 32. Qxe7 Qxf3+ 33. Rg2 Qb7
34. Re1 Rf8 35. Qxc5 Nc6 36. Qd5+ Rf7 37. Re8+ Kh7 38. Qe4+ 1-0

[Event "Druga Liga CS - Istok"]
[Site "?"]
[Date "2010.09.26"]
[Round "3"]
[White "Ristic, Milan"]
[Black "Manic, Jovica"]
[Result "0-1"]
[WhiteElo "2189"]
[BlackElo "2244"]
[PlyCount "42"]
[EventDate "2010.10.06"]
[SourceDate "2010.10.09"]

1. d4 c5 2. d5 e5 3. c4 d6 4. Nc3 Be7 5. g3 f5 6. Bg2 Nf6 7. e4 O-O 8. Nge2 Qe8
9. O-O Qh5 10. f4 fxe4 11. Nxe4 Nxe4 12. Bxe4 Bg4 13. Re1 exf4 14. Bxf4 g5 15.
Be3 Nd7 16. Qc2 Ne5 17. Nc1 Bf3 18. Bd3 b6 19. Nb3 Rf6 20. Nd2 Rh6 21. Ne4 Nxd3
0-1

[Event "Druga Liga CS - Istok"]
[Site "?"]
[Date "2010.09.26"]
[Round "3"]
[White "Todorovic, Bojan"]
[Black "Stojanovic, Zoran H"]
[Result "1-0"]
[WhiteElo "2314"]
[BlackElo "2154"]
[PlyCount "59"]
[EventDate "2010.10.06"]
[SourceDate "2010.10.09"]

1. d4 c5 2. d5 f5 3. g3 Nf6 4. Bg2 g6 5. Nf3 Na6 6. c4 d6 7. Nc3 Bg7 8. O-O O-O
9. Rb1 Bd7 10. a3 h6 11. Ne1 Nc7 12. Nd3 Qe8 13. b4 b6 14. bxc5 bxc5 15. Bd2
Rb8 16. Qc2 Qf7 17. Rxb8 Rxb8 18. Rb1 Qe8 19. a4 Bxa4 20. Nxa4 Rxb1+ 21. Qxb1
Qxa4 22. h4 Nce8 23. Nf4 Kf7 24. h5 g5 25. Ne6 Ne4 26. Bxe4 fxe4 27. Qxe4 Qa1+
28. Kg2 Qf6 29. Qh7 a6 30. Be1 1-0

[Event "Druga Liga CS - Istok"]
[Site "?"]
[Date "2010.09.26"]
[Round "3"]
[White "Kostic, Nenad"]
[Black "Nikolic, Boban"]
[Result "1-0"]
[WhiteElo "2131"]
[BlackElo "2236"]
[PlyCount "39"]
[EventDate "2010.10.06"]
[SourceDate "2010.10.09"]

1. e4 d6 2. d4 Nf6 3. Nc3 g6 4. f3 c6 5. g4 b5 6. a3 Nbd7 7. h4 e5 8. d5 cxd5
9. Nxd5 Nxd5 10. Qxd5 Rb8 11. Bg5 Qb6 12. h5 gxh5 13. Ne2 hxg4 14. Nc3 a6 15.
O-O-O Nc5 16. Bf6 Rg8 17. b4 Ne6 18. fxg4 Qe3+ 19. Kb2 Bb7 20. Bxb5+ 1-0

[Event "Druga Liga CS - Istok"]
[Site "?"]
[Date "2010.09.26"]
[Round "3"]
[White "Djordjevic, Danilo"]
[Black "Pejcic, Milutin"]
[Result "1/2-1/2"]
[WhiteElo "1980"]
[BlackElo "2172"]
[PlyCount "33"]
[EventDate "2010.10.06"]
[SourceDate "2010.10.09"]

1. e4 c5 2. c3 Nf6 3. e5 Nd5 4. Nf3 d6 5. exd6 Qxd6 6. d4 cxd4 7. cxd4 Nc6 8.
Nc3 Bg4 9. Bc4 e6 10. Bxd5 exd5 11. O-O Be7 12. h3 Bh5 13. Qd3 O-O 14. Qf5 Bxf3
15. Qxf3 Nxd4 16. Qd3 Nc6 17. Nxd5 1/2-1/2